00645nam a2200145Ia 4500008004100000020001800041041000800059082001700067100006400084245027900148250000600427260003900433300001300472650001400485210716s2015 xx 000 0 und d a9781785887161 aeng a658.421 IIAC aIiacqua, Christopher; Cronstrom, Henric; Richardson, James. aLearning qlik sense the official guide: get the most out of your qlik sense investment with the latest insight and guidance direct from the qlik sense team.bGet the most out of your qlik sense investment with the latest insight and guidance direct from the qlik sense team. a2 aMumbaibPackt Publishing Ltdc2015 axiii,255 aERP & SAP